Hazbin Hotel: Hell's Greatest Dad Lyrics - Statistics

General Stats
  • This quiz has been taken 1,176 times
  • The average score is 208 of 299
Answer Stats
Hint Answer % Correct
Hell
97%
the
97%
you
97%
a
95%
à
95%
Dad
95%
dad
95%
like
95%
Looks
95%
of
95%
so
95%
help
94%
big
93%
boss
93%
could
93%
me
93%
use
93%
From
92%
himself
92%
on
92%
I
91%
some
90%
than
90%
Puppets: Five
88%
great
87%
Check
86%
Who
86%
Lucifer Who?
86%
Yelp
85%
stars
84%
daddy's
83%
with
83%
pentagram
82%
pun
82%
reviews
82%
thank
82%
Greater
81%
la
81%
out
81%
that
81%
be
80%
for
80%
Flawless
79%
family
78%
I'm
78%
no
78%
punch
78%
an
77%
But
77%
but
77%
Your
77%
your
77%
as
76%
just
75%
start
75%
chef
74%
day
74%
needs
74%
Alastor: | Lucifer: Oh
74%
been
73%
get
73%
here
73%
Thanks
73%
lamb
72%
now
72%
nun
72%
that's
72%
Charlie: That's
72%
to
72%
Alastor: Who's
72%
one
71%
since
71%
alakazam
70%
when
70%
I'll
69%
it
69%
Usually
69%
charge
68%
rate
68%
caviar
67%
faithful
67%
mountains
67%
sir
67%
because
66%
busboy
66%
fountains
66%
Lucifer: Haha
66%
ref
66%
stuck
66%
was
66%
Champagne
65%
free
65%
game
65%
Alastor: | Mimzy: It's
65%
it's
65%
sacrificial
65%
carte
64%
true
64%
what
63%
Lucifer: What
63%
Charlie: Aw
62%
glowing
62%
guy
62%
you've
62%
rig
61%
call
60%
Alastor: You're
60%
you're
60%
menu
59%
producer
59%
Remember
59%
today
58%
daughter
57%
executive
57%
fixed
57%
had
57%
wish
57%
almost
56%
care
55%
child
55%
chuckle
55%
Makes
55%
tasting
55%
clog
54%
funny
54%
say
54%
bond
53%
little
53%
Michelin
53%
such
53%
they
52%
They
52%
truly
52%
spawned
51%
angelic
50%
old-timey
50%
power
50%
built
49%
looking
49%
there
49%
assistance
48%
day-to-day
48%
hotelier
48%
in
48%
blood
47%
chum
47%
Lucifer: Hold
47%
Alastor: Can
46%
hour
46%
is
46%
least
46%
resistance
46%
needy
45%
we've
45%
my
44%
song
44%
all
43%
Mimzy!
43%
Lucifer: Others
43%
path
43%
pure
43%
steadfast
43%
also
42%
know
42%
pick
42%
choose
41%
happens
41%
There's
41%
are
40%
better
40%
finish
40%
smart
40%
started
40%
bunch
39%
parent
39%
Lucifer: Uh
39%
waiting
39%
yes
39%
losers
38%
substitute
38%
Alastor: Sadly
37%
times
37%
were
37%
at
36%
dud
36%
butt
34%
singing
34%
birth
33%
last
32%
this
32%
piece
31%
gas
30%
while
30%
present
29%
tacky
29%
wap-bam-boom
29%
Took
28%
honoured
25%
Whoa-oh-oh
3%
No matching quizzes found
Score Distribution
Percent of People with Each Score
Percentile by Number Answered
Your Score History
You have not taken this quiz